NLSUI OPAC header image

The U P Juvenile Justice Care and Protection Of the Children Rules 2004 (Record no. 34269)

MARC details
000 -LEADER
fixed length control field 00460nam a2200157Ia 4500
008 - FIXED-LENGTH DATA ELEMENTS--GENERAL INFORMATION
fixed length control field 160316s2005 xxu||||| |||| 00| 0 eng d
082 ## - DEWEY DECIMAL CLASSIFICATION NUMBER
Classification number 345.080000
Item number HIN
100 ## - MAIN ENTRY--PERSONAL NAME
Personal name
245 ## - TITLE STATEMENT
Title The U P Juvenile Justice Care and Protection Of the Children Rules 2004
250 ## - EDITION STATEMENT
Edition statement 1
260 ## - PUBLICATION, DISTRIBUTION, ETC.
Place of publication, distribution, etc. Allahabad
Name of publisher, distributor, etc. Hind Publishing House
Date of publication, distribution, etc. 2005
300 ## - PHYSICAL DESCRIPTION
Extent 49
Other physical details
Dimensions
365 ## - TRADE PRICE
Price amount 100
650 ## - SUBJECT ADDED ENTRY--TOPICAL TERM
Topical term or geographic name entry element 1. Juvenile Justice<br/>2. Care and Protection<br/>3. Children Rules
700 ## - ADDED ENTRY--PERSONAL NAME
Personal name
--
Holdings
Withdrawn status Lost status Damaged status Not for loan Home library Current library Shelving location Date acquired Total Checkouts Full call number Barcode Date last seen Price effective from Koha item type
        . .   30.05.2017   345.08 HIN REP10981 30.05.2017 30.05.2017 Repository